Appropriation of land (Record no. 40920)

MARC details
000 -LEADER
fixed length control field 01270cab a2200217 4500
001 - CONTROL NUMBER
control field W4153
008 - FIXED-LENGTH DATA ELEMENTS--GENERAL INFORMATION
fixed length control field 090401t1993 xxu||||| |||| 00| 0 eng d
035 ## - SYSTEM CONTROL NUMBER
System control number (Sirsi) u65600
041 ## - LANGUAGE CODE
Language code of text/sound track or separate title eng
245 ## - TITLE STATEMENT
Title Appropriation of land
260 ## - PUBLICATION, DISTRIBUTION, ETC.
Date of publication, distribution, etc. 1993
350 ## - PRICE (NR) (BK AM CF MU VM SE) [OBSOLETE]
Price 0
490 ## - SERIES STATEMENT
Series statement Estates Gazette Case Summaries
Volume/sequential designation 1993 EGCS 14(2) (13/2/93)
520 ## - SUMMARY, ETC.
Summary, etc. "Sutton LBC v Bolton and another" ChD 3 February 1993. Land purchased in 1950 by Surrey CC for use as a childrens home subject to restrictive covenants, including a restriction on erection of no more than one residential property per acre. In 1984 outline consent was obtained for houses. Following claims by to the enforcement of restrictive covenants, Sutton LBC resolved that under Local Government Act 1972 s272, the site should be appropriated from social services to planning in order to benefit from Town and Country Planning Act 1971 s127 (TCPA 1990 s246) Held that the land had not been validly appropriated under the 1971 Act and the development was not in the interests of proper plannng in the area.
650 ## - SUBJECT ADDED ENTRY--TOPICAL TERM
Topical term or geographic name entry element APPROPRIATION OF LAND
650 ## - SUBJECT ADDED ENTRY--TOPICAL TERM
Topical term or geographic name entry element Compulsory purchase
9 (RLIN) 6228
650 ## - SUBJECT ADDED ENTRY--TOPICAL TERM
Topical term or geographic name entry element RESTRICTIVE COVENANTS
690 ## - LOCAL SUBJECT ADDED ENTRY--TOPICAL TERM (OCLC, RLIN)
Topical term or geographic name as entry element PLANNING LAW AND PRACTICE-CASE LAW
942 ## - ADDED ENTRY ELEMENTS (KOHA)
Suppress in OPAC 0
948 ## - LOCAL PROCESSING INFORMATION (OCLC); SERIES PART DESIGNATOR (RLIN)
c (OCLC) 04/03/1997
Holdings
Withdrawn status Lost status Source of classification or shelving scheme Damaged status Not for loan Home library Current library Shelving location Date acquired Total Checkouts Full call number Barcode Date last seen Copy number Price effective from Koha item type
    Dewey Decimal Classification     London London Journal article 14/09/1999   W4153 65600-1001 06/08/2019 1 06/08/2019 Law report